La vida en las aulas (Registro nro. 4728)

Detalles MARC
000 -LEADER
fixed length control field 00824 a2200229 4500
001 - CONTROL NUMBER
control field 48791
005 - DATE AND TIME OF LATEST TRANSACTION
control field 20260407155754.0
008 - FIXED-LENGTH DATA ELEMENTS--GENERAL INFORMATION
fixed length control field 260407a1996 arg spa d
003 - CONTROL NUMBER IDENTIFIER
control field AR-UNSa-BCEJYS
040 ## - CATALOGING SOURCE
Original cataloging agency AR-UNSa-BCEJYS
Language of cataloging spa
Transcribing agency AR-UNSa-BCEJYS
080 ## - UNIVERSAL DECIMAL CLASSIFICATION NUMBER
Universal Decimal Classification number 37.04
Common auxiliary subdivision La educación respecto al alumno. Orientación
020 ## - INTERNATIONAL STANDARD BOOK NUMBER
International Standard Book Number 84-7112-356-8
100 1# - MAIN ENTRY--PERSONAL NAME
Personal name Jackson, Philip W.
245 10 - TITLE STATEMENT
Title La vida en las aulas
250 ## - EDITION STATEMENT
Edition statement 4a.ed.
264 #1 - PRODUCTION, PUBLICATION, DISTRIBUTION, MANUFACTURE, AND COPYRIGHT NOTICE
Place of production, publication, distribution, manufacture Madrid :
Name of producer, publisher, distributor, manufacturer Ediciones Morata
Date of production, publication, distribution, manufacture, or copyright notice 1996
300 ## - PHYSICAL DESCRIPTION
Extent 215 p.
Dimensions 24 cm.
505 ## - FORMATTED CONTENTS NOTE
Formatted contents note 1. Los afanes cotidianos - 2. Los sentimientos de los alumnos hacia la escuela - 3. Participación y absentismo en la clase - 4. Opiniones de los profesores - 5. La necesidad de nuevas perspectivas.
590 ## - LOCAL NOTE (RLIN)
Local note niveau_biblio:m niveau_hierar:0
700 1# - ADDED ENTRY--PERSONAL NAME
Personal name Solana, Guillermo
942 ## - ADDED ENTRY ELEMENTS (KOHA)
Koha item type
Existencias
Withdrawn status Lost status Damaged status Not for loan Home library Current library Shelving location Date acquired Total checkouts Full call number Barcode Date last seen Price effective from Koha item type
        Biblioteca Prof. Eusebio Cleto del Rey Biblioteca Prof. Eusebio Cleto del Rey   07/04/2026   37.04 J12 4ed. L69937 07/04/2026 07/04/2026 Libro
        Biblioteca Prof. Eusebio Cleto del Rey Biblioteca Prof. Eusebio Cleto del Rey   07/04/2026   37.04 J12 4ed. L69938 07/04/2026 07/04/2026 Libro